000 00625nam a22001937a 4500
003 OSt
005 20251002065244.0
008 251002b |||||||| |||| 00| 0 eng d
020 _a0028612590
040 _aDWCL- Main lib
_cOC
082 _aCirc. 641.567 S3921 1998
100 _aSchulman, Zell
245 _aLet my people eat!:
_b Passover Seders made simple/
_cZell Schulman
260 _aNew York:
_bMacmillan Publishing,
_cc1998.
300 _a210 pages:
_bcolor illustrations;
_c24cm.
504 _aIncludes bibliographical references and index
650 _a1. Passover cooking
942 _2ddc
_cBK-CIRC
_kCirc.
_n0
999 _c4642
_d4642